000 01036cam a22002774a 4500
999 _c14337
_d14337
003 OSt
005 20260215130839.0
008 010322r20012001ne a b 000 0 eng
020 _a9780792369448
_q(alk. paper)
042 _apcc
082 0 0 _a153.4/3
_221
245 0 0 _aThinking with diagrams /
_cedited by Alan F. Blackwell.
260 _aDordrecht ;
_aBoston :
_bKluwer Academic Publishers,
_cc2001.
300 _aviii, 149 p. :
_bill. ;
_c25 cm.
500 _a"Reprinted from Artificial intelligence review, volume 15, nos. 1-2, 2001."
504 _aIncludes bibliographical references.
650 0 _aReasoning (Psychology)
650 0 _aVisual communication.
650 0 _aHuman information processing.
650 0 _aProblem solving.
650 0 _aCognitive science.
700 1 _aBlackwell, Alan F.
856 4 2 _3Publisher description
_uhttp://www.loc.gov/catdir/enhancements/fy0822/2001029530-d.html
856 4 1 _3Table of contents only
_uhttp://www.loc.gov/catdir/enhancements/fy0822/2001029530-t.html
942 _2ddc